[Event "Warsaw Najdorf Memorial op-A"]
[Site "Warsaw"]
[Date "2022.07.15"]
[Round "7"]
[White "Kaniak, Justyna"]
[Black "Pesko, Tomasz"]
[Result "0-1"]
[WhiteElo "1797"]
[BlackElo "1830"]
[PlyCount "106"]
[EventDate "2022.07.09"]
[EventType "swiss"]
[EventRounds "9"]
[EventCountry "POL"]
[SourceTitle "CBM 209 Extra"]
[Source "ChessBase"]
[SourceDate "2022.09.30"]
[SourceVersion "1"]
[SourceVersionDate "2022.09.30"]
[SourceQuality "1"]

1. e4 c5 2. Nf3 d6 3. d4 cxd4 4. Nxd4 Nf6 5. Nc3 a6 6. h3 e5 7. Nde2 h5 8. g3 Be6 9. Bg2 Be7 10. Be3 Nbd7 11. 0-0 0-0 12. f4 Bc4 13. b3 Bxe2 14. Qxe2 Qa5 15. Nd5 Nxd5 16. exd5 Qc3 17. Rad1 Rac8 18. Rf2 g6 19. f5 Kg7 20. a4 Nf6 21. g4 hxg4 22. hxg4 Nh7 23. Rd3 Qa1+ 24. Rd1 Qc3 25. Rdf1 Bh4 26. Rf3 Qxc2 27. Bd2 Bg5 28. Rd3 Bxd2 29. Rxd2 Qxb3 30. Qf2 f6 31. fxg6 Ng5 32. Qf5 Qe3+ 33. Rdf2 Rc7 34. Qb1 Qg3 35. Rf5 Qxg4 36. Qb6 Qd4+ 37. Qxd4 exd4 38. R5f4 Rc4 39. Rb1 Rxa4 40. Rxb7+ Kxg6 41. Rd7 Rb4 42. Rxd6 a5 43. Bf1 Rb3 44. Kf2 d3 45. Ra6 Rb2+ 46. Kg3 d2 47. Rd4 Kf5 48. Rxa5 Ke5 49. Raa4 Rb1 50. Be2 f5 51. d6 Ne4+ 52. Kg2 Rg8+ 53. Kf3 Rg3# 0-1

[Event "Katowice POL-HUN rapid 8th"]
[Site "Katowice"]
[Date "2020.09.13"]
[Round "2.8"]
[White "Kaniak, Justyna"]
[Black "Golubka, Petr"]
[Result "0-1"]
[WhiteElo "1807"]
[BlackElo "2488"]
[PlyCount "80"]
[EventDate "2020.09.13"]
[EventType "swiss (rapid)"]
[EventRounds "9"]
[EventCountry "POL"]
[SourceTitle "CBM 198 Extra"]
[Source "ChessBase"]
[SourceDate "2020.11.30"]
[SourceVersion "1"]
[SourceVersionDate "2020.11.30"]
[SourceQuality "1"]

1. e4 b6 2. d4 Bb7 3. Nc3 g6 4. Nf3 Bg7 5. Bc4 e6 6. Bg5 Ne7 7. Qd2 h6 8. Bh4 d6 9. 0-0-0 Nd7 10. Rhe1 g5 11. Bg3 Ng6 12. Kb1 a6 13. h3 Qe7 14. Nh2 b5 15. Bb3 h5 16. f4 h4 17. Nd5 exd5 18. exd5 hxg3 19. Rxe7+ Kxe7 20. Qe3+ Kf8 21. Qxg3 gxf4 22. Qc3 Rc8 23. Ng4 Rh5 24. Qf3 Rh4 25. Re1 Nf6 26. Ne5 dxe5 27. dxe5 Re8 28. Qf2 Nxd5 29. Qc5+ Nge7 30. e6 f5 31. a4 f3 32. Qf2 Re4 33. gxf3 Rxe1+ 34. Qxe1 c5 35. Qh4 c4 36. Qh5 Ng6 37. Qxf5+ Bf6 38. Qxg6 Rxe6 39. Qh6+ Ke8 40. Ba2 Re1+ 0-1

[Event "Katowice POL-HUN rapid 8th"]
[Site "Katowice"]
[Date "2020.09.13"]
[Round "6.10"]
[White "Kaniak, Justyna"]
[Black "Piorun, Kacper"]
[Result "0-1"]
[WhiteElo "1807"]
[BlackElo "2596"]
[PlyCount "46"]
[EventDate "2020.09.13"]
[EventType "swiss (rapid)"]
[EventRounds "9"]
[EventCountry "POL"]
[SourceTitle "CBM 198 Extra"]
[Source "ChessBase"]
[SourceDate "2020.11.30"]
[SourceVersion "1"]
[SourceVersionDate "2020.11.30"]
[SourceQuality "1"]

1. e4 c5 2. Nf3 d6 3. d4 cxd4 4. Nxd4 Nf6 5. Nc3 a6 6. h3 e6 7. g4 h6 8. Bg2 Nfd7 9. Be3 g5 10. Qd2 Ne5 11. 0-0-0 Nc4 12. Qe2 Nxe3 13. Qxe3 Nd7 14. h4 Rg8 15. hxg5 hxg5 16. Nf3 Be7 17. e5 d5 18. Rh5 Qb6 19. Nd4 Qc7 20. f4 Nb6 21. Bf1 gxf4 22. Qxf4 Bd7 23. Rh7 Bg5 0-1

[Event "Warsaw YMCA Winter-A 224th"]
[Site "Warsaw"]
[Date "2020.03.06"]
[Round "10"]
[White "Kaniak, Justyna"]
[Black "Malicka, Maria"]
[Result "0-1"]
[WhiteElo "1840"]
[BlackElo "2041"]
[PlyCount "72"]
[EventDate "2020.01.10"]
[EventType "tourn"]
[EventRounds "13"]
[EventCountry "POL"]
[SourceTitle "CBM 195 Extra"]
[Source "ChessBase"]
[SourceDate "2020.05.31"]
[SourceVersion "1"]
[SourceVersionDate "2020.05.31"]
[SourceQuality "1"]

1. e4 c5 2. Nf3 d6 3. d4 cxd4 4. Nxd4 Nf6 5. Nc3 a6 6. f3 e5 7. Nb3 Be6 8. Be3 h5 9. Qd2 Nbd7 10. 0-0-0 Rc8 11. Nd5 Bxd5 12. exd5 Nb6 13. Qa5 Qc7 14. c3 Nbd7 15. Qb4 g6 16. g4 hxg4 17. fxg4 Rh4 18. h3 Bg7 19. Bf2 Rh8 20. Be2 b5 21. g5 Nh5 22. Bg4 Nf4 23. Bg3 Nh5 24. Bh2 Rd8 25. Rhf1 Nb6 26. Qe4 Qe7 27. h4 Nc4 28. Be6 Nf4 29. Bxf4 Rxh4 30. Qd3 Rxf4 31. Rxf4 exf4 32. Re1 Ne5 33. Rxe5 dxe5 34. Bg4 e4 35. Qd1 Qxg5 36. Be2 f3+ 0-1

[Event "Warsaw YMCA Winter-A 224th"]
[Site "Warsaw"]
[Date "2020.02.28"]
[Round "9"]
[White "Delega, Tomasz"]
[Black "Kaniak, Justyna"]
[Result "1-0"]
[WhiteElo "1974"]
[BlackElo "1840"]
[PlyCount "89"]
[EventDate "2020.01.10"]
[EventType "tourn"]
[EventRounds "13"]
[EventCountry "POL"]
[SourceTitle "CBM 195 Extra"]
[Source "ChessBase"]
[SourceDate "2020.05.31"]
[SourceVersion "1"]
[SourceVersionDate "2020.05.31"]
[SourceQuality "1"]

1. e4 c5 2. Nf3 e6 3. d4 cxd4 4. Nxd4 Nf6 5. Bd3 Nc6 6. Nxc6 bxc6 7. 0-0 d5 8. e5 Nd7 9. Qe2 Qb6 10. c4 Bc5 11. Kh1 Bd4 12. f4 Nc5 13. Nd2 Ba6 14. Rb1 0-0 15. Bc2 dxc4 16. Nxc4 Qb4 17. b3 g6 18. Rf3 Rfd8 19. Bd2 Qa3 20. Bc1 Qxa2 21. Rh3 Bxc4 22. bxc4 Rab8 23. Rxb8 Rxb8 24. Ra3 Rb1 25. Rxa2 Rxc1+ 26. Bd1 Ne4 27. Qf3 Nf2+ 28. Rxf2 Bxf2 29. g3 Bd4 30. Qd3 c5 31. Kg2 Ra1 32. Qb3 a5 33. Kh3 a4 34. Qb8+ Kg7 35. Bf3 a3 36. f5 gxf5 37. Bh5 a2 38. Qa7 Kh6 39. Bxf7 Rh1 40. Qxa2 Bg1 41. Qd2+ Kg7 42. Bxe6 Rxh2+ 43. Qxh2 Bxh2 44. Kxh2 Kg6 45. Kg2 1-0

[Event "POL-chT 2nd League"]
[Site "Jastrzebia Gora"]
[Date "2019.09.10"]
[Round "4.21"]
[White "Kaniak, Justyna"]
[Black "Chmiel, Dominika"]
[Result "1-0"]
[WhiteElo "1781"]
[BlackElo "2075"]
[PlyCount "81"]
[EventDate "2019.09.07"]
[EventType "team-swiss"]
[EventRounds "9"]
[EventCountry "POL"]
[SourceTitle "EXT 2020"]
[Source "ChessBase"]
[SourceDate "2019.10.17"]
[SourceVersion "1"]
[SourceVersionDate "2019.10.17"]
[SourceQuality "1"]
[WhiteTeam "Warszawa Mogalo"]
[BlackTeam "Chroscice Victoria"]
[WhiteTeamCountry "POL"]
[BlackTeamCountry "POL"]

1. e4 e5 2. Nf3 Nc6 3. Bc4 Bc5 4. c3 Nf6 5. d3 d6 6. 0-0 0-0 7. b4 Bb6 8. Bg5 h6 9. Bh4 g5 10. Bg3 Ne7 11. Nbd2 Ng6 12. Re1 Kg7 13. Nf1 Nh5 14. Ne3 c6 15. Nxe5 Ngf4 16. Nf3 d5 17. Bb3 a5 18. exd5 a4 19. Bc2 Bxe3 20. fxe3 Nxd5 21. Be5+ f6 22. Bd4 g4 23. Nh4 b5 24. a3 Kh7 25. c4 f5 26. g3 Ndf6 27. Rf1 Ng7 28. Qe2 Be6 29. Rf2 Qd7 30. Be5 Rf7 31. e4 bxc4 32. dxc4 Nxe4 33. Bxe4 fxe4 34. Qxe4+ Kg8 35. Raf1 Rxf2 36. Rxf2 Re8 37. Bxg7 Qxg7 38. Qxc6 Bf7 39. Nf5 Qg6 40. Nxh6+ Kg7 41. Rxf7+ 1-0

[Event "Baltic Cup 3rd"]
[Site "Darlowko"]
[Date "2019.06.28"]
[Round "7"]
[White "Zolnierowicz, Krzysztof"]
[Black "Kaniak, Justyna"]
[Result "1-0"]
[WhiteElo "2013"]
[BlackElo "1813"]
[PlyCount "57"]
[EventDate "2019.06.23"]
[EventType "swiss"]
[EventRounds "9"]
[EventCountry "POL"]
[SourceTitle "CBM 191 Extra"]
[Source "ChessBase"]
[SourceDate "2019.09.30"]
[SourceVersion "1"]
[SourceVersionDate "2019.09.30"]
[SourceQuality "1"]

1. e4 e5 2. Nf3 Nc6 3. Bb5 g6 4. c3 a6 5. Bxc6 dxc6 6. Nxe5 Qe7 7. d4 f6 8. Nf3 Qxe4+ 9. Be3 Bd7 10. 0-0 0-0-0 11. Re1 Qg4 12. Nbd2 g5 13. Qb3 Qh5 14. Nc4 Ne7 15. Na5 b6 16. Qc4 bxa5 17. Qxa6+ Kb8 18. d5 c5 19. Qxf6 Rg8 20. Bxc5 Rg6 21. Qf7 Bh3 22. Ne5 Nxd5 23. Nc6+ Kc8 24. Re8 Rxe8 25. Qxe8+ Kb7 26. Nxa5+ Ka6 27. c4 Bxc5 28. Qb5+ Ka7 29. Qb7# 1-0

[Event "Baltic Cup 3rd"]
[Site "Darlowko"]
[Date "2019.06.26"]
[Round "5"]
[White "Kaniak, Justyna"]
[Black "Szwaj, Jacek"]
[Result "1-0"]
[WhiteElo "1813"]
[BlackElo "2000"]
[PlyCount "65"]
[EventDate "2019.06.23"]
[EventType "swiss"]
[EventRounds "9"]
[EventCountry "POL"]
[SourceTitle "CBM 191 Extra"]
[Source "ChessBase"]
[SourceDate "2019.09.30"]
[SourceVersion "1"]
[SourceVersionDate "2019.09.30"]
[SourceQuality "1"]

1. e4 e6 2. d4 d5 3. Nc3 Nf6 4. e5 Nfd7 5. f4 c5 6. Nf3 Nc6 7. Be3 Qb6 8. Qd2 c4 9. Rb1 Qa5 10. f5 exf5 11. a3 Nb6 12. Qf2 Bxa3 13. Ra1 Qb4 14. Rxa3 Qxb2 15. Ra2 Qxc3+ 16. Bd2 Nb4 17. Bxc3 Nxa2 18. Bb2 0-0 19. Be2 Nb4 20. c3 Na4 21. cxb4 Nxb2 22. 0-0 b5 23. Nh4 g6 24. g4 fxg4 25. Qg2 Na4 26. Bxg4 Bxg4 27. Qxg4 Nc3 28. Nf5 Rae8 29. Nh6+ Kg7 30. Nf5+ Kg8 31. Nd6 Re7 32. Qf3 Na2 33. Qa3 1-0

[Event "Baltic Cup 3rd"]
[Site "Darlowko"]
[Date "2019.06.24"]
[Round "2"]
[White "Kaniak, Justyna"]
[Black "Krajewicz, Pawel"]
[Result "0-1"]
[WhiteElo "1813"]
[BlackElo "1982"]
[PlyCount "64"]
[EventDate "2019.06.23"]
[EventType "swiss"]
[EventRounds "9"]
[EventCountry "POL"]
[SourceTitle "CBM 191 Extra"]
[Source "ChessBase"]
[SourceDate "2019.09.30"]
[SourceVersion "1"]
[SourceVersionDate "2019.09.30"]
[SourceQuality "1"]

1. e4 c5 2. Nf3 d6 3. d4 cxd4 4. Nxd4 Nf6 5. Nc3 a6 6. h3 g6 7. g4 Bg7 8. Bg2 0-0 9. 0-0 Nc6 10. Nxc6 bxc6 11. e5 dxe5 12. Bxc6 Rb8 13. Qe2 Qc7 14. Bg2 Rd8 15. Rb1 Bb7 16. Bxb7 Qxb7 17. Be3 h5 18. g5 Ne8 19. b4 Qc8 20. Ne4 Qxh3 21. Nc5 Nd6 22. Nxa6 Rbc8 23. Rfd1 Nf5 24. Rxd8+ Rxd8 25. Qf1 Qg4+ 26. Qg2 Qc4 27. Qb7 Nxe3 28. fxe3 Rd2 29. Nc5 Qg4+ 30. Kh1 Qh3+ 31. Kg1 Qh2+ 32. Kf1 Qf2# 0-1

[Event "Mazowiec-chT 1819"]
[Site "Warsaw"]
[Date "2019.01.13"]
[Round "2.9"]
[White "Kaniak, Justyna"]
[Black "Kwasniak, Tomasz"]
[Result "1-0"]
[WhiteElo "1729"]
[BlackElo "1773"]
[PlyCount "63"]
[EventDate "2018.12.02"]
[EventType "team-tourn"]
[EventRounds "7"]
[EventCountry "POL"]
[SourceTitle "EXT 2020"]
[Source "ChessBase"]
[SourceDate "2019.10.17"]
[SourceVersion "1"]
[SourceVersionDate "2019.10.17"]
[SourceQuality "1"]

1. e4 c5 2. Nf3 d6 3. d4 cxd4 4. Nxd4 Nf6 5. Nc3 g6 6. Be2 Bg7 7. 0-0 0-0 8. Bg5 Nc6 9. Nb3 a6 10. Re1 Be6 11. Bf1 Rc8 12. Nd5 Nd7 13. c3 Re8 14. Qd2 Nce5 15. Rad1 Nc4 16. Bxc4 Rxc4 17. Nf4 Nc5 18. Nd4 Ra4 19. b3 Ra3 20. Re2 Ra5 21. Qc1 h6 22. Nfxe6 Nxe6 23. Nxe6 fxe6 24. Bxh6 Bh8 25. Rd3 Qc7 26. Rg3 Kh7 27. Qf4 Bf6 28. Qg4 Rg8 29. Rh3 Rh5 30. Rxh5 gxh5 31. Qxh5 Qc5 32. e5 1-0

[Event "Krakow op-B 29th"]
[Site "Krakow"]
[Date "2019.01.02"]
[Round "7"]
[White "Kawula, Andrzej"]
[Black "Kaniak, Justyna"]
[Result "0-1"]
[WhiteElo "1902"]
[BlackElo "1729"]
[PlyCount "66"]
[EventDate "2018.12.27"]
[EventType "swiss"]
[EventRounds "9"]
[EventCountry "POL"]
[SourceTitle "CBM 189 Extra"]
[Source "ChessBase"]
[SourceDate "2019.06.03"]
[SourceVersion "1"]
[SourceVersionDate "2019.06.03"]
[SourceQuality "1"]

1. d4 c5 2. e3 Nf6 3. c4 e6 4. Nc3 cxd4 5. exd4 d5 6. c5 Be7 7. Nf3 0-0 8. Bd3 Nc6 9. 0-0 b6 10. cxb6 Qxb6 11. b3 Bb7 12. Bg5 Rac8 13. Na4 Qd8 14. Rc1 Ne4 15. Bxe4 dxe4 16. Nc5 exf3 17. Nxb7 Qd5 18. Bxe7 fxg2 19. Bxf8 gxf1Q+ 20. Qxf1 Rxf8 21. Qc4 Qg5+ 22. Kf1 Nxd4 23. Rc3 e5 24. Nd6 Qh6 25. Qd5 Qf6 26. Ne4 Qa6+ 27. Rc4 Qxa2 28. Rc3 Qe2+ 29. Kg2 Qh5 30. Rg3 Kh8 31. Rg5 Qf3+ 32. Kg1 Rc8 33. Nc3 Qxc3 0-1

[Event "Krakow op-B 29th"]
[Site "Krakow"]
[Date "2018.12.30"]
[Round "5"]
[White "Seregina, Maria"]
[Black "Kaniak, Justyna"]
[Result "0-1"]
[WhiteElo "1907"]
[BlackElo "1729"]
[PlyCount "98"]
[EventDate "2018.12.27"]
[EventType "swiss"]
[EventRounds "9"]
[EventCountry "POL"]
[SourceTitle "CBM 189 Extra"]
[Source "ChessBase"]
[SourceDate "2019.06.03"]
[SourceVersion "1"]
[SourceVersionDate "2019.06.03"]
[SourceQuality "1"]

1. f4 d5 2. Nf3 Nf6 3. g3 g6 4. Bg2 Bg7 5. 0-0 0-0 6. d3 c5 7. c3 Nc6 8. Na3 b6 9. Qe1 Bb7 10. h3 d4 11. g4 Nd5 12. Bd2 Qb8 13. Ng5 Rd8 14. f5 h6 15. Nxf7 Kxf7 16. fxg6+ Kg8 17. g5 hxg5 18. Bxg5 Ne5 19. Be4 Rd6 20. Qh4 Nxg6 21. Qh5 Ne3 22. Bxb7 Qxb7 23. Bxe3 dxe3 24. Nc4 Re6 25. Qg4 Qc6 26. Rf5 Rf8 27. Raf1 Ref6 28. Nxe3 Qe6 29. Rxf6 Rxf6 30. Rxf6 Qxg4+ 31. Nxg4 exf6 32. e3 f5 33. Nf2 Bh6 34. Nd1 Kf7 35. d4 c4 36. b3 b5 37. bxc4 bxc4 38. Kf2 Ke6 39. Nb2 Kd5 40. Na4 Bf8 41. Kg3 Ke4 42. Nb2 Bd6+ 43. Kf2 Kd5 44. Kf3 Ba3 45. Nd1 Bc1 46. Nf2 Nh4+ 47. Kf4 Ng2+ 48. Kxf5 Nxe3+ 49. Kg6 Bb2 0-1

[Event "Mazowiec-chT 1718"]
[Site "Warsaw"]
[Date "2018.02.04"]
[Round "6.13"]
[White "Kaniak, Justyna"]
[Black "Waszczuk, Patrycja"]
[Result "0-1"]
[WhiteElo "1873"]
[BlackElo "1927"]
[PlyCount "112"]
[EventDate "2017.12.03"]
[EventType "team-tourn"]
[EventRounds "10"]
[EventCountry "POL"]
[SourceTitle "EXT 2020"]
[Source "ChessBase"]
[SourceDate "2019.10.17"]
[SourceVersion "1"]
[SourceVersionDate "2019.10.17"]
[SourceQuality "1"]

1. e4 c5 2. g3 Nc6 3. Bg2 d6 4. Nc3 g6 5. f4 Bg7 6. d3 Nf6 7. Nf3 0-0 8. 0-0 Bd7 9. h3 a6 10. g4 Ne8 11. f5 e6 12. g5 exf5 13. Qe1 fxe4 14. Nxe4 Be6 15. Qg3 Qe7 16. h4 d5 17. Nf2 Nd6 18. Ng4 Bxg4 19. Qxg4 Qe6 20. Nh2 Nf5 21. c3 Rfe8 22. Bf4 Ne5 23. Qh3 Nc6 24. Ng4 Qd7 25. Ne3 Nce7 26. h5 Rad8 27. Ng4 Nc6 28. Rf2 Ne5 29. Nf6+ Bxf6 30. gxf6 Re6 31. Bg5 Rde8 32. Rxf5 gxf5 33. Qxf5 Rb6 34. Qxd7 Nxd7 35. Rf1 Re5 36. Bh4 Rxh5 37. Rf4 Rxh4 38. Rxh4 Nxf6 39. b3 Kg7 40. Kf2 Kg6 41. Bf3 Re6 42. Rh1 h5 43. c4 dxc4 44. dxc4 b5 45. cxb5 axb5 46. Rc1 Re5 47. a4 bxa4 48. bxa4 Ng4+ 49. Kg3 Kg5 50. a5 Re3 51. Rxc5+ f5 52. Kg2 Ra3 53. Be2 h4 54. a6 h3+ 55. Kg1 Ra1+ 56. Bf1 h2+ 0-1

[Event "Bialystok Zamenhof Memorial-C 35th"]
[Site "Bialystok"]
[Date "2017.12.29"]
[Round "6.11"]
[White "Kaniak, Justyna"]
[Black "Zeliantsova, Kseniya"]
[Result "1-0"]
[WhiteElo "1873"]
[BlackElo "1685"]
[PlyCount "67"]
[EventDate "2017.12.27"]
[EventType "swiss"]
[EventRounds "9"]
[EventCountry "POL"]
[SourceTitle "EXT 2023"]
[Source "ChessBase"]
[SourceDate "2022.10.05"]
[SourceVersion "1"]
[SourceVersionDate "2022.10.05"]
[SourceQuality "1"]

1. e4 d6 2. d4 Nf6 3. Nc3 g6 4. Bg5 Bg7 5. Bc4 c5 6. dxc5 Qa5 7. Bxf6 Bxf6 8. Nge2 Qxc5 9. Qd5 e6 10. Qxc5 dxc5 11. f4 a6 12. e5 Be7 13. a4 b6 14. 0-0 Bb7 15. Rad1 Nc6 16. Rd2 g5 17. g3 gxf4 18. gxf4 Bh4 19. Ne4 Na5 20. Nd6+ Kf8 21. Ng3 Be7 22. Be2 Bd5 23. Bf3 Bxd6 24. Bxd5 exd5 25. exd6 Nc4 26. Rd3 d4 27. Nf5 Nxb2 28. Rh3 Nxa4 29. Rh6 Rd8 30. Re1 Rd7 31. Re7 Rxe7 32. dxe7+ Ke8 33. Rd6 Rg8+ 34. Kf2 1-0

[Event "Suwalki Warakomska Memorial-B 1st"]
[Site "Suwalki"]
[Date "2017.08.17"]
[Round "8"]
[White "Karlov, Egor"]
[Black "Kaniak, Justyna"]
[Result "1-0"]
[WhiteElo "1724"]
[BlackElo "1901"]
[PlyCount "81"]
[EventDate "2017.08.11"]
[EventType "swiss"]
[EventRounds "9"]
[EventCountry "POL"]
[SourceTitle "CBM 180 Extra"]
[Source "ChessBase"]
[SourceDate "2017.10.06"]
[SourceVersion "1"]
[SourceVersionDate "2017.10.06"]
[SourceQuality "1"]

1. c4 e5 2. g3 Nc6 3. Nc3 g6 4. Bg2 Bg7 5. d3 d6 6. e4 Nf6 7. Nge2 0-0 8. 0-0 Be6 9. Nd5 Ne7 10. Bg5 Nfxd5 11. cxd5 Bd7 12. Qb3 Rb8 13. Qa3 a6 14. Rfc1 Bb5 15. Qc3 Rc8 16. a4 Bd7 17. Qb3 b6 18. Rc2 h6 19. Be3 f5 20. f4 fxe4 21. dxe4 Kh7 22. Rac1 Rf7 23. fxe5 Bxe5 24. Bd4 Bxd4+ 25. Nxd4 Kg7 26. Bf1 a5 27. Ba6 Ng8 28. Ne6+ Bxe6 29. dxe6 Re7 30. Bxc8 Qxc8 31. Qc3+ Kh7 32. Qf3 Kg7 33. Rc6 Nf6 34. Rxd6 Ne8 35. Rxb6 Rxe6 36. Rxe6 Qxe6 37. Qc3+ Kg8 38. Qc4 Kf7 39. Kf2 Nd6 40. Qxe6+ Kxe6 41. Ke3 1-0

[Event "Suwalki Warakomska Memorial-B 1st"]
[Site "Suwalki"]
[Date "2017.08.16"]
[Round "7"]
[White "Kaniak, Justyna"]
[Black "Czarniecka, Aleksandra"]
[Result "0-1"]
[WhiteElo "1901"]
[BlackElo "1875"]
[PlyCount "70"]
[EventDate "2017.08.11"]
[EventType "swiss"]
[EventRounds "9"]
[EventCountry "POL"]
[SourceTitle "CBM 180 Extra"]
[Source "ChessBase"]
[SourceDate "2017.10.06"]
[SourceVersion "1"]
[SourceVersionDate "2017.10.06"]
[SourceQuality "1"]

1. e4 c5 2. Ne2 d6 3. g3 Nc6 4. Bg2 g6 5. Nbc3 Bg7 6. 0-0 e6 7. d3 Nge7 8. f4 0-0 9. g4 f5 10. h3 Nd4 11. Ng3 Nec6 12. g5 Nb4 13. Rf2 e5 14. exf5 Nxf5 15. Nxf5 Rxf5 16. a3 Nc6 17. Ne4 Qf8 18. Ng3 exf4 19. Nxf5 Bxf5 20. Rxf4 Be5 21. Rf1 Qc8 22. h4 Bg4 23. Bf3 Bh3 24. Bd5+ Kh8 25. Rf7 Bd4+ 26. Kh2 Ne5 27. Bxb7 Qe6 28. Rf4 Ng4+ 29. Kg3 Bf2+ 30. Rxf2 Nxf2 31. Kxf2 Rf8+ 32. Kg1 Rf1+ 33. Qxf1 Bxf1 34. Kxf1 Qf7+ 35. Ke2 Qxb7 0-1

[Event "Warsaw Najdorf Memorial op-B"]
[Site "Warsaw"]
[Date "2010.07.21"]
[Round "5"]
[White "Blank, Kamil"]
[Black "Kaniak, Justyna"]
[Result "1-0"]
[WhiteElo "1663"]
[BlackElo "1958"]
[PlyCount "67"]
[EventDate "2010.07.17"]
[EventType "swiss"]
[EventRounds "9"]
[EventCountry "POL"]
[SourceTitle "CBM 137 Extra"]
[Source "ChessBase"]
[SourceDate "2010.09.01"]
[SourceVersion "1"]
[SourceVersionDate "2010.09.01"]
[SourceQuality "1"]

1. e4 e5 2. Nf3 Nc6 3. Nc3 Bb4 4. Bc4 Nf6 5. d3 d6 6. h3 Be6 7. Bxe6 fxe6 8. Bd2 0-0 9. 0-0 a6 10. Ne2 Bc5 11. Ng3 Qe8 12. c3 Qg6 13. Kh2 b5 14. b4 Bb6 15. a4 d5 16. axb5 axb5 17. Rxa8 Rxa8 18. Qb3 Qf7 19. Ng5 Qd7 20. f4 h6 21. Nf3 exf4 22. Bxf4 Kh7 23. e5 Ng8 24. d4 Rf8 25. Bd2 Qe8 26. Qb1+ Kh8 27. Nh4 Nce7 28. Rxf8 Qxf8 29. Ng6+ Nxg6 30. Qxg6 Qe7 31. Nh5 c6 32. Nf4 Bd8 33. Nxe6 Qd7 34. Nf8 1-0

[Event "Polanica Zdroj op-B 44th"]
[Site "Polanica Zdroj"]
[Date "2008.08.27"]
[Round "9"]
[White "Stodolnik, Alicja"]
[Black "Kaniak, Justyna"]
[Result "0-1"]
[WhiteElo "1805"]
[BlackElo "1975"]
[PlyCount "83"]
[EventDate "2008.08.19"]
[EventType "swiss"]
[EventRounds "10"]
[EventCountry "POL"]
[SourceTitle "CBM 126 Extra"]
[Source "ChessBase"]
[SourceDate "2008.11.05"]
[SourceVersion "1"]
[SourceVersionDate "2008.11.05"]
[SourceQuality "1"]

1. e4 e5 2. Nf3 Nc6 3. d4 exd4 4. Nxd4 Qf6 5. Be3 Bc5 6. Nb5 Bxe3 7. fxe3 Qh4+ 8. g3 Qd8 9. Qg4 g6 10. Qf4 d6 11. Bc4 Qe7 12. 0-0 Ne5 13. N1c3 c6 14. Bxf7+ Kd7 15. Nd4 Kc7 16. Rad1 Bh3 17. Ndb5+ Kb6 18. Rxd6 Qxf7 19. Qxf7 Nxf7 20. Rxf7 Nh6 21. Rf4 Ng4 22. b4 Raf8 23. a4 a5 24. Nd5+ Ka6 25. Ndc7+ Kb6 26. Nd5+ Ka6 27. c4 axb4 28. Nd4 g5 29. Rf5 Rxf5 30. exf5 Re8 31. Ne6 Ka5 32. Ndc7 Re7 33. Na8 h6 34. e4 Nf6 35. Rd4 b3 36. e5 b2 37. Rd1 Bxf5 38. Nac7 b1Q 39. Rxb1 Bxb1 40. exf6 Rf7 41. Ne8 Bg6 42. Kf2 0-1

[Event "Polanica Zdroj op-B 44th"]
[Site "Polanica Zdroj"]
[Date "2008.08.25"]
[Round "7"]
[White "Bednarczyk, Damian"]
[Black "Kaniak, Justyna"]
[Result "0-1"]
[WhiteElo "1836"]
[BlackElo "1975"]
[PlyCount "80"]
[EventDate "2008.08.19"]
[EventType "swiss"]
[EventRounds "10"]
[EventCountry "POL"]
[SourceTitle "CBM 126 Extra"]
[Source "ChessBase"]
[SourceDate "2008.11.05"]
[SourceVersion "1"]
[SourceVersionDate "2008.11.05"]
[SourceQuality "1"]

1. d4 Nf6 2. c4 c5 3. d5 e6 4. Nc3 exd5 5. cxd5 d6 6. e4 g6 7. f3 Bg7 8. Bg5 0-0 9. Qd2 Na6 10. Nge2 Re8 11. Nc1 Nc7 12. Be2 a6 13. a4 Qe7 14. 0-0 Qf8 15. Nd3 h6 16. Be3 Nfxd5 17. Nxd5 Nxd5 18. Bf2 Nc7 19. Rac1 b5 20. Nxc5 dxc5 21. Bxc5 Rd8 22. Qa5 Bd4+ 23. Bxd4 Rxd4 24. Qxc7 Rxa4 25. Rfd1 Be6 26. Qe5 Qg7 27. Qxg7+ Kxg7 28. f4 Rc8 29. Bd3 Rb4 30. f5 Rxc1 31. Rxc1 gxf5 32. exf5 Bc4 33. Bxc4 Rxc4 34. Rxc4 bxc4 35. Kf2 Kf6 36. Ke3 Ke5 37. g4 f6 38. h3 a5 39. h4 a4 40. Kd2 Kf4 0-1

[Event "Polanica Zdroj op-B 44th"]
[Site "Polanica Zdroj"]
[Date "2008.08.20"]
[Round "2"]
[White "Kaniak, Justyna"]
[Black "Kaliszewski, Tomasz"]
[Result "0-1"]
[WhiteElo "1975"]
[BlackElo "2141"]
[PlyCount "50"]
[EventDate "2008.08.19"]
[EventType "swiss"]
[EventRounds "10"]
[EventCountry "POL"]
[SourceTitle "CBM 126 Extra"]
[Source "ChessBase"]
[SourceDate "2008.11.05"]
[SourceVersion "1"]
[SourceVersionDate "2008.11.05"]
[SourceQuality "1"]

1. e4 d6 2. g3 g6 3. Bg2 Bg7 4. Ne2 c5 5. 0-0 Nc6 6. c3 Bg4 7. f3 Bd7 8. Kh1 h5 9. h3 e5 10. f4 Nge7 11. Na3 Be6 12. Nc2 d5 13. d4 exd4 14. cxd4 dxe4 15. dxc5 Bc4 16. Qe1 Qd3 17. Rf2 Qxc2 18. Nd4 Qa4 19. Nxc6 Qxc6 20. Bxe4 Bd5 21. Bxd5 Qxd5+ 22. Kh2 Bf6 23. Be3 0-0-0 24. Rc1 Nc6 25. b4 Rhe8 0-1

[Event "POL-ch sf (Women)"]
[Site "Chotowa"]
[Date "2007.11.09"]
[Round "7.5"]
[White "Kaniak, Justyna"]
[Black "Warakomska, Anna"]
[Result "0-1"]
[WhiteElo "1942"]
[BlackElo "2167"]
[PlyCount "158"]
[EventDate "2007.11.03"]
[EventType "swiss"]
[EventRounds "9"]
[EventCountry "POL"]
[SourceTitle "EXT 2023"]
[Source "ChessBase"]
[SourceDate "2022.10.05"]
[SourceVersion "1"]
[SourceVersionDate "2022.10.05"]
[SourceQuality "1"]

1. e4 c5 2. Nf3 e6 3. d4 cxd4 4. Nxd4 a6 5. Bd3 Nf6 6. 0-0 Qc7 7. Qe2 d6 8. f4 Nbd7 9. c4 Be7 10. b3 0-0 11. Bb2 b6 12. Nd2 Bb7 13. Rae1 g6 14. e5 Ne8 15. N2f3 Ng7 16. Kh1 Nc5 17. Bb1 d5 18. cxd5 Bxd5 19. Ng5 Qb7 20. Ndf3 Rac8 21. Ba3 Rfd8 22. Rc1 Bc6 23. Rfd1 Bb5 24. Qe1 Bc6 25. Bxc5 Bxc5 26. Be4 Bxe4 27. Nxe4 Be7 28. Nf6+ Bxf6 29. exf6 Nh5 30. Qe5 Rxc1 31. Rxc1 Rd5 32. Rc7 Qb8 33. Qc3 Rd1+ 34. Ng1 Rd8 35. Rc4 b5 36. Rd4 Nxf6 37. Nf3 Rxd4 38. Qxd4 Nd5 39. Ne5 Qc7 40. g3 Qc1+ 41. Kg2 Qe3 42. Qxe3 Nxe3+ 43. Kf2 Nd5 44. Nd7 Nc3 45. Nb8 a5 46. a3 a4 47. bxa4 bxa4 48. Nd7 Nb5 49. Nc5 Nxa3 50. Nxa4 f6 51. Nc5 Kf7 52. Kf3 Nc4 53. Ke2 Nd6 54. Kf3 Ke7 55. Ke3 e5 56. Kf3 Nc4 57. h3 Kd6 58. Ne4+ Ke6 59. fxe5 Kxe5 60. Nc5 h5 61. Nd3+ Kd4 62. Nf4 Ne5+ 63. Ke2 Ke4 64. Ng2 Nf3 65. Kf2 g5 66. h4 gxh4 67. gxh4 Ne5 68. Kg3 Nd3 69. Kh2 Kf3 70. Kg1 f5 71. Kh2 f4 72. Kh3 Kf2 73. Nxf4 Nxf4+ 74. Kh2 Kf3 75. Kh1 Kg3 76. Kg1 Kxh4 77. Kh2 Kg4 78. Kg1 Kg3 79. Kh1 Nd3 0-1